00533cam a22001811 45000010009000000050017000090080041000260100017000670350018000840400026001020420012001280500017001401100037001572450046001942600058002403000031002986500022003291027907920170131161740.0731228s1957 dcua f000 0 eng  a 57008812  a(OCoLC)768302 aDLCcOClUdOCoLCdDLC apremarc00aLB2321b.E432 aEducational Policies Commission.10aHigher education in a decade of decision/ aWashington :c[1957]bEducational Policies Commision, a152 p. :billus. ;c23 cm. 0aEducation, Higher